| 000 | 00746nac a22002171u 4500 | ||
|---|---|---|---|
| 010 | _a85014622 | ||
| 020 | _a8120312783 | ||
| 082 | 0 | 0 |
_a621.3815 _bB4331 |
| 090 |
_c877 _d877 |
||
| 100 | _aBell, David A., | ||
| 245 | 1 | 0 |
_aElectronic devices and circuits / _cDavid A. Bell. |
| 250 | _a3rd ed. | ||
| 260 |
_aNew Delhi : _bPrentice-Hall of India, _c2002. |
||
| 300 |
_axii, 756 p. : _bill. ; _c24 cm. |
||
| 500 | _aIncludes index. | ||
| 650 | 0 | _aSemiconductors. | |
| 650 | 0 | _aElectronic circuits. | |
| 650 | 0 | _aElectronic apparatus and appliances. | |
| 942 |
_cBB _k621.3815B4331 |
||
| 999 |
_c877 _d877 |
||